[Event "XVIII Open"]
[Site "Cappelle la Grande FRA"]
[Date "2002.02.16"]
[Round "8"]
[White "Vallin,G"]
[Black "Rausis,I"]
[Result "1/2-1/2"]
[WhiteElo "2356"]
[BlackElo "2466"]

1.d4 d6 2.e4 Nf6 3.Nc3 c6 4.a4 Nbd7 5.Nf3 e5 6.Bc4 Be7 7.O-O O-O 8.Re1 Qc7
9.h3 b6 10.b3 Bb7 11.Ba3 a6 12.d5 cxd5 13.Nxd5 Nxd5 14.Bxd5 Nf6 15.Bxd6 Bxd6
16.Bxb7 Rad8  1/2-1/2

[Event "XVIII Open"]
[Site "Cappelle la Grande FRA"]
[Date "2002.02.16"]
[Round "8"]
[White "Brochet,P"]
[Black "Solak,D"]
[Result "1/2-1/2"]
[WhiteElo "2381"]
[BlackElo "2501"]

1.e4 d6 2.d4 Nf6 3.Nc3 e5 4.dxe5 dxe5 5.Qxd8+ Kxd8 6.Bc4 Bb4 7.f3 Ke7 8.Ne2 c6
9.a3 Bd6 10.O-O b5 11.Ba2 a5 12.Be3 Nbd7 13.Rfd1 Bc5 14.Bf2 Bxf2+ 15.Kxf2 Nb6
16.Nc1 Be6 17.Bxe6 Kxe6 18.Nd3 Rhd8 19.a4 b4 20.Ne2 Nfd7 21.b3 c5 22.c4 bxc3
23.Nxc3 Rdc8 24.Nb2 c4 25.Nxc4 Nxc4 26.bxc4 Rxc4 27.Nb5 Ra6 28.Rac1 Rac6
29.Rxc4 Rxc4 30.Rd6+ Ke7 31.Ra6 Rxa4  1/2-1/2

[Event "TCh-FIN 2001-02"]
[Site "FIN"]
[Date "2002.02.16"]
[Round "7"]
[White "Koskinen,Hen"]
[Black "Ristoja,J"]
[Result "1-0"]
[WhiteElo "2334"]
[BlackElo "2300"]

1.d4 d6 2.e4 Nf6 3.Nc3 e5 4.Nf3 Nbd7 5.Bc4 Be7 6.O-O O-O 7.Re1 c6 8.a4 b6
9.h3 a6 10.Ba2 Rb8 11.Bg5 b5 12.Qe2 Kh8 13.Rad1 Qa5 14.dxe5 dxe5 15.axb5 axb5
16.Bb3 Qc7 17.Bh4 Bb4 18.Bg3 Bxc3 19.bxc3 c5 20.Bd5 Nxd5 21.exd5 f6 22.c4 b4
23.Nd2 Bb7 24.Ra1 Ra8 25.Qe3 g5 26.f3 Ra6 27.Ne4 Rfa8 28.Rxa6 Rxa6 29.h4 h6
30.hxg5 hxg5 31.Kf2 Ra3 32.Rh1+ Kg7 33.Qc1 Kg6 34.Rh8  1-0

[Event "ch-Serbia"]
[Site "Leskovac YUG"]
[Date "2002.02.16"]
[Round "2"]
[White "Stojanovic,Da"]
[Black "Petkovic,D"]
[Result "1-0"]
[WhiteElo "2433"]
[BlackElo "2305"]

1.e4 d6 2.d4 Nf6 3.Nc3 c6 4.Nf3 Bg4 5.Be3 e6 6.h3 Bh5 7.Be2 d5 8.e5 Nfd7
9.O-O Be7 10.Nd2 Bg6 11.f4 c5 12.Nb3 cxd4 13.Nxd4 Nc6 14.g4 Nxd4 15.Bxd4 Be4
16.Nxe4 dxe4 17.c3 Bc5 18.Bb5 Ke7 19.Bxd7 Bxd4+ 20.Qxd4 Qxd7 21.Qb4+ Ke8
22.Rad1 Qe7 23.Qxe4 Rc8 24.Qa4+ Kf8 25.Qxa7 g5 26.fxg5 Rg8 27.Qe3 Rxg5 28.Rf6 Rg7
29.Rd6 Kg8 30.Qd4 h5 31.Kf2 hxg4 32.hxg4 b5 33.Kg3 Rh7 34.Rd7 Qe8 35.Qd6 Rg7
36.Re7 Qf8 37.Rexe6 Rc4 38.Qxf8+ Kxf8 39.Rb6 Rcxg4+ 40.Kf3 Rg3+ 41.Ke4 Rg2
42.Rxb5 Re2+ 43.Kd5 Rg5 44.Kd6 Rd2+ 45.Kc6 Kg7 46.Rf4 Rgg2 47.Rb7 Rxb2 48.Rfxf7+ Kg6
49.Rxb2  1-0

[Event "ch-Serbia"]
[Site "Leskovac YUG"]
[Date "2002.02.18"]
[Round "4"]
[White "Dimitrijevic,A"]
[Black "Petkovic,D"]
[Result "1-0"]
[WhiteElo "2227"]
[BlackElo "2305"]

1.e4 d6 2.d4 Nf6 3.Nc3 c6 4.f4 Qa5 5.Bd3 e5 6.Nf3 Bg4 7.Be3 exd4 8.Bxd4 Qb4
9.Be2 Nxe4 10.O-O d5 11.a3 Qd6 12.Ng5 Bf5 13.Ncxe4 dxe4 14.Bc4 Bg6 15.f5 Bh5
16.Nxe4 Bxd1 17.Nxd6+ Bxd6 18.Re1+ Kf8 19.Raxd1 b5 20.Bf2 Be7 21.Rd8+ Bxd8
22.Bc5+ Be7 23.Rxe7 bxc4 24.Re6+  1-0

[Event "Petrov Mem Open"]
[Site "St Petersburg RUS"]
[Date "2002.02.18"]
[Round "7"]
[White "Areshchenko,A"]
[Black "Chuprov,D"]
[Result "1-0"]
[WhiteElo "2470"]
[BlackElo "2484"]

1.e4 d6 2.d4 Nf6 3.Nc3 c6 4.Be3 Nbd7 5.h3 e5 6.Nf3 b5 7.a3 Be7 8.Qd2 O-O
9.g4 Bb7 10.g5 Ne8 11.h4 Nc7 12.dxe5 Nxe5 13.Nxe5 dxe5 14.O-O-O Qxd2+ 15.Rxd2 Bc8
16.f4 a5 17.f5 b4 18.Nb1 Na6 19.Bc4 Kh8 20.h5 Bc5 21.Re1 Ra7 22.g6 fxg6 23.hxg6 Bxe3
24.Rxe3 Nc5 25.Rd6 Rc7 26.Nd2 Nb7 27.Rh3 h6 28.Rdd3 Nc5 29.Rde3 Rf6 30.Nf3 Rxg6
31.fxg6 Bxh3 32.Ng5 Bc8 33.Rf3 Nd7 34.Nf7+ Kg8 35.Nxh6+ Kh8 36.Nf7+ Kg8 37.Nxe5+  1-0

[Event "Petrov Mem Open"]
[Site "St Petersburg RUS"]
[Date "2002.02.19"]
[Round "8"]
[White "Sudakova,I"]
[Black "Kashtanov,R"]
[Result "1/2-1/2"]
[WhiteElo "2354"]
[BlackElo "2392"]

1.e4 d6 2.d4 Nf6 3.Nc3 c6 4.f3 e5 5.dxe5 dxe5 6.Qxd8+ Kxd8 7.Bc4 Ke8 8.Be3 Nbd7
9.a4 a5 10.Nge2 Bc5 11.Kf2 Bxe3+ 12.Kxe3 Nb6 13.Bb3 Nfd7 14.Nc1 Nc5 15.Nd3 Nxb3
16.cxb3 f6 17.Rad1 Ke7 18.Rd2 Nd7 19.g3 Nb8 20.f4 exf4+ 21.gxf4 Na6 22.f5 Bd7
23.h4 Rhg8 24.Rg1 g6 25.Rdg2 Kf7 26.Nf4 gxf5 27.Nh5 Rg6 28.Nf4 Rxg2 29.Rxg2 Rg8
30.Rxg8 Kxg8 31.Nh5 Kf7 32.Kf4 Kg6 33.Ng3 fxe4 34.Ncxe4 Be6 35.h5+ Kg7 36.Nf5+ Bxf5
37.Kxf5 Kh6 38.Nxf6 Nc5 39.Kg4 Nxb3 40.Ne4 Kg7 41.Kg5 b6 42.h6+ Kf7 43.Nf6 Nc5
44.Nxh7 Ne4+ 45.Kf4 Nd6  1/2-1/2

[Event "Petrov Mem Open"]
[Site "St Petersburg RUS"]
[Date "2002.02.20"]
[Round "9"]
[White "Voitsekhovsky,S"]
[Black "Shushpanov,R"]
[Result "1/2-1/2"]
[WhiteElo "2527"]
[BlackElo "2460"]

1.e4 d6 2.d4 Nf6 3.Nc3 e5 4.Nf3 Nbd7 5.Bc4 Be7 6.O-O O-O 7.Re1 c6 8.a4 Ne8
9.Ne2 Bf6 10.Ng3 exd4 11.Nxd4 g6 12.c3 Bg7 13.Bf4 Ne5 14.Ba2 Nc7 15.Qd2 Be6
16.Bg5 Qd7 17.Bh6 Bxh6 18.Qxh6 Bxa2 19.Rxa2 c5 20.Nde2 Qe6 21.Raa1 Qf6 22.h4 Nd3
23.Rf1 Ne6 24.Qd2 c4 25.b4 a5 26.f4 axb4 27.cxb4 Nd4 28.Qc3 Nxe2+ 29.Nxe2 Qxc3
30.Nxc3 f5 31.e5 dxe5  1/2-1/2

[Event "ch-Serbia"]
[Site "Leskovac YUG"]
[Date "2002.02.21"]
[Round "7"]
[White "Savic,Miod1"]
[Black "Tadic,B"]
[Result "1-0"]
[WhiteElo "2469"]
[BlackElo "2459"]

1.e4 d6 2.d4 Nf6 3.Nc3 e5 4.Nf3 Nbd7 5.Bc4 Be7 6.O-O O-O 7.a3 c6 8.Re1 a5
9.Ba2 a4 10.h3 exd4 11.Nxd4 Nc5 12.Qf3 Be6 13.Nf5 Nfd7 14.Qg4 Bf6 15.Bf4 Ne5
16.Qg3 Bxf5 17.exf5 Re8 18.Rad1 Qd7 19.Be3 Qxf5 20.Rxd6 Ng6 21.Qg4 Qxg4 22.hxg4 Bg5
23.Nd1 Kf8 24.Kf1 Bxe3 25.Nxe3 Rad8 26.Red1 Rxd6 27.Rxd6 Ne5 28.Rd4 h6 29.Nf5 Ned7
30.f3 Nb6 31.Rb4 Ncd7 32.Nd6 Re5 33.Nxf7 Rc5 34.c3 Ra5 35.Nd6 Ke7 36.Nxb7 Rb5
37.Re4+ Re5 38.Rf4 g5 39.Rf7+ Ke8 40.Rh7 Rb5 41.Nd6+  1-0

[Event "ch-Serbia"]
[Site "Leskovac YUG"]
[Date "2002.02.22"]
[Round "8"]
[White "Brenjo,S"]
[Black "Petkovic,D"]
[Result "1-0"]
[WhiteElo "2462"]
[BlackElo "2305"]

1.e4 d6 2.d4 Nf6 3.Nc3 e5 4.Nf3 Qe7 5.dxe5 dxe5 6.Bc4 h6 7.O-O c6 8.a4 Bg4
9.h3 Bh5 10.Qd3 g5 11.b3 Qc7 12.Ne2 Nbd7 13.Ng3 Bg6 14.Bb2 Nh5 15.Nxh5 Bxh5
16.Rad1 f6 17.Rd2 Bb4 18.c3 Be7 19.b4 Nf8 20.Qe3 Bf7 21.Bxf7+ Kxf7 22.Rfd1 Qc8
23.Nh2 Qe6 24.Nf1 Ng6 25.Ng3 Nh4 26.b5 Rhd8 27.Rxd8 Bxd8 28.Ba3 Bb6 29.Bc5 cxb5
30.axb5 Rc8 31.Bxb6 axb6 32.Rd5 Rc7 33.Qd2 Ke7 34.Nf1 Rd7 35.c4 f5 36.Qc3 Rxd5
37.cxd5 Qd6 38.g3 Ng6 39.Ne3 Qc5 40.Nxf5+ Kd7 41.Qf3 Qxb5 42.Nxh6 Ne7 43.Nf7 Qb2
44.Qg4+ Ke8 45.Nd6+  1-0

[Event "Aphrodite"]
[Site "Athens GRE"]
[Date "2002.02.23"]
[Round "9"]
[White "Makka,E"]
[Black "Shumiakina,T"]
[Result "0-1"]
[WhiteElo "2061"]
[BlackElo "2358"]

1.e4 d6 2.d4 Nf6 3.Nc3 e5 4.dxe5 dxe5 5.Qxd8+ Kxd8 6.Nf3 Bd6 7.Bc4 Be6 8.Bxe6 fxe6
9.Be3 Nbd7 10.O-O Ke7 11.Rad1 a6 12.Nd2 b5 13.a3 Rhb8 14.Nb3 a5 15.f3 b4
16.Nb1 h6 17.N3d2 bxa3 18.bxa3 Nb6 19.c4 Na4 20.Rc1 Nd7 21.Nc3 Nxc3 22.Rxc3 Bc5
23.Kf2 Rb2 24.Ke2 Rab8 25.Rcc1 R8b3 26.Bxc5+ Nxc5 27.Rb1 Ra2 28.a4 Rxb1 29.Rxb1 Nxa4
30.Ke3 Nc5 31.g3 a4 32.Rb5 Kd6 33.f4 exf4+ 34.gxf4 Ra3+ 35.Ke2 Nb3 36.Nf3 Ra1
37.Kd3 Nc5+ 38.Kc2 Nxe4 39.Kb2 Rf1  0-1

[Event "8th Hotel Opatija"]
[Site "Kastav CRO"]
[Date "2002.02.23"]
[Round "2"]
[White "Bogut,Z"]
[Black "Topalovic,Z"]
[Result "1-0"]
[WhiteElo "2421"]
[BlackElo "2223"]

1.e4 d6 2.d4 Nf6 3.Nc3 e5 4.Nf3 Nbd7 5.Be2 Be7 6.O-O O-O 7.Re1 c6 8.a4 a5
9.Bf1 exd4 10.Nxd4 Nc5 11.Bf4 Qb6 12.b3 Ng4 13.Qd2 Rd8 14.Rad1 Ne5 15.h3 Bf6
16.Be3 h6 17.f4 Bh4 18.Bf2 Bxf2+ 19.Qxf2 Ng6 20.Kh1 Re8 21.g3 Bd7 22.Bg2 Rad8
23.Nde2 Bc8 24.Kg1 Qc7 25.Rd2 Qe7 26.Red1 f5 27.e5 d5 28.h4 Nf8 29.Nd4 Ne4
30.Nxe4 fxe4 31.c4 Bg4 32.Re1 Ne6 33.cxd5 cxd5 34.Nb5 Nc5 35.Nd6 Nd3 36.Rxd3 exd3
37.Nxe8 Qxe8 38.Qd4 Qg6 39.Re3 Bf5 40.Bf1 Qg4 41.e6 Bxe6 42.Rxd3 Rc8 43.Re3 Rc1
44.Kf2 Bf7 45.Qd2 Qc8 46.Bc4 Rh1 47.Bxd5 Rh2+ 48.Bg2 Qc5 49.Kg1 Rxg2+ 50.Kxg2 Bd5+
51.Kh2 Qc6 52.Rc3 Qe6 53.Qe3 Qf7 54.Rc8+ Kh7 55.Qd3+ g6 56.Qc3  1-0

[Event "8th Hotel Opatija"]
[Site "Kastav CRO"]
[Date "2002.02.25"]
[Round "6"]
[White "Novak,D"]
[Black "Topalovic,Z"]
[Result "1/2-1/2"]
[WhiteElo "2376"]
[BlackElo "2223"]

1.e4 d6 2.d4 Nf6 3.Nc3 e5 4.Nf3 Nbd7 5.g3 Be7 6.Bg2 c6 7.a4 b6 8.O-O Bb7
9.Re1 a6 10.b3 b5 11.Bb2 O-O 12.Qd2 Re8 13.h3 Qc7 14.Rad1 Bf8 15.Kh2 Rad8
16.Qc1 b4 17.Na2 exd4 18.Nxd4 c5 19.Nf5 Bxe4 20.Bxe4 Nxe4 21.Bxg7 Bxg7 22.Rxe4 Ne5
23.Qe3 d5 24.Nxg7 Kxg7 25.Rh4 Re6 26.Nc1 d4 27.Qg5+ Rg6 28.Qh5 h6 29.Nd3 Nxd3
30.cxd3 Re8 31.Rc1 Re5 32.Qf3 Qe7 33.Rf4 Qe6 34.Rc4 Rgg5 35.Kg2 h5 36.Qb7 Re1
37.Rc2 Rge5 38.Qf3 Rb1 39.g4 Rxb3 40.gxh5 Qd5 41.h6+ Kxh6 42.Rxf7 Rxd3 43.Rf6+ Kg7
44.Qxd5 Rxd5 45.Rxa6 Re5 46.a5 Rc3 47.Rb2 d3 48.Rd6 b3 49.a6 c4 50.Rb1 Rc2
51.Kf3 Rf5+ 52.Ke3 Rfxf2 53.a7 Ra2 54.a8=Q Rfe2+ 55.Kd4 Rxa8 56.Kxc4 b2 57.Rxd3 Ra1
58.Rdd1 Rc2+ 59.Kb3 Rc1 60.Rd7+ Kf6  1/2-1/2

[Event "2nd HCC"]
[Site "Helsinki FIN"]
[Date "2002.02.27"]
[Round "3"]
[White "Keskinen,S"]
[Black "Sakalauskas,V"]
[Result "0-1"]
[WhiteElo "2292"]
[BlackElo "2424"]

1.e4 d6 2.d4 Nf6 3.Nc3 c6 4.f4 Qa5 5.Bd3 e5 6.Nf3 Bg4 7.dxe5 dxe5 8.fxe5 Nfd7
9.Bd2 Nxe5 10.Qe2 Nbd7 11.h3 Bh5 12.g4 Bg6 13.Nd5 Qd8 14.Nf4 Qb6 15.O-O-O Nxf3
16.Qxf3 Ne5 17.Qg3 Bd6 18.Be3 Qc7 19.Qf2 O-O 20.Kb1 Rfe8 21.Nxg6 hxg6 22.Qg2 c5
23.h4 c4 24.Be2 c3 25.b3 Bc5 26.Bc1 Rad8 27.h5 Rxd1 28.Rxd1 Rd8 29.hxg6 Nxg6
30.Rh1 Qe5 31.Qh3 Qxe4 32.Bc4 Rd2 33.Qxc3 Bb4 34.Bxf7+ Kxf7 35.Rf1+ Kg8 36.Qc8+ Kh7
37.Bxd2 Bxd2 38.Qf5 Qxf5 39.gxf5 Nf8 40.f6 g5 41.Rd1 Bc3 42.Rd8 Kg8 43.Ra8 g4
44.Rxa7 g3 45.Ra4 Kf7 46.Re4 Ng6 47.Rg4 Be5 48.Kc1 Kxf6 49.Kd2 Kf5 50.Rxg6 Kxg6
51.Ke3 Kg5 52.Kf3 Kh4 53.Kg2 Bc3 54.a3 Kg4 55.b4 b5 56.Kh1 Kf3 57.a4 Kf2  0-1

[Event "2nd HCC"]
[Site "Helsinki FIN"]
[Date "2002.02.27"]
[Round "3"]
[White "Hansen,Vi"]
[Black "Slapikas,V"]
[Result "0-1"]
[WhiteElo "2151"]
[BlackElo "2410"]

1.e4 d6 2.d4 Nf6 3.Nc3 c6 4.Nf3 Bg4 5.Be2 e6 6.O-O d5 7.e5 Nfd7 8.Bg5 Be7
9.Bxe7 Qxe7 10.a3 O-O 11.Qd2 c5 12.dxc5 Bxf3 13.Bxf3 Nxe5 14.b4 Nxf3+ 15.gxf3 Qf6
16.f4 Nc6 17.Rad1 a5 18.b5 Ne7 19.Qd4 Qh4 20.Rd3 Rac8 21.Na4 Nf5 22.Qe5 Rfe8
23.Nb6 Rxc5 24.c4 dxc4 25.Qxc5 cxd3  0-1

[Event "8th Hotel Opatija"]
[Site "Kastav CRO"]
[Date "2002.02.27"]
[Round "10"]
[White "Ljubicic,F"]
[Black "Topalovic,Z"]
[Result "1-0"]
[WhiteElo "2413"]
[BlackElo "2223"]

1.e4 d6 2.d4 Nf6 3.Nc3 e5 4.Nf3 Nbd7 5.Be2 Be7 6.g4 exd4 7.Nxd4 Nc5 8.f3 Nxg4
9.fxg4 Bh4+ 10.Kf1 Qf6+ 11.Nf3 Bxg4 12.h3 Be6 13.Nd5 Bxd5 14.Qxd5 O-O 15.Qh5 Bg3
16.Qg4 Be5 17.Bg5 Qg6 18.Nxe5 dxe5 19.Be7 Qc6 20.Bxf8 Rxf8 21.Rg1 g6 22.Rd1 Nxe4
23.Qf3 f5 24.Kg2 Kg7 25.Bd3 Qa4 26.b3 Qb4 27.a3 Qc5 28.b4 Qb6 29.Bxe4 fxe4
30.Rd7+ Kg8 31.Qxe4 Rf2+ 32.Kh1 Kf8 33.Qd5 Qf6  1-0

[Event "Open"]
[Site "Malaga ESP"]
[Date "2002.02.28"]
[Round "7"]
[White "Garcia Martinez,S"]
[Black "Milla de Marco,C"]
[Result "1-0"]
[WhiteElo "2395"]
[BlackElo "2045"]

1.e4 d6 2.d4 Nf6 3.Nc3 e5 4.Nf3 Nbd7 5.g3 c6 6.a4 b6 7.Bc4 Be7 8.O-O O-O
9.Re1 a6 10.Bf1 Qc7 11.b3 Re8 12.Bb2 Bb7 13.Bg2 Rad8 14.h3 Bf8 15.Nh4 exd4
16.Qxd4 d5 17.exd5 Rxe1+ 18.Rxe1 Bc5 19.d6 Bxd6 20.Nf5 Bc5 21.Qh4 Nf8 22.Nxg7 Bd4
23.Nf5 Ng6 24.Qh6 Ne4 25.Rxe4 Bh8 26.Nd5 Qe5 27.Bxe5 Bxe5 28.Rxe5  1-0

[Event "ch-RUS Boys U20"]
[Site "Vladimir RUS"]
[Date "2002.03.01"]
[Round "1"]
[White "Smirnov,P"]
[Black "Zablotsky,S"]
[Result "1-0"]
[WhiteElo "2510"]
[BlackElo "2381"]

1.e4 d6 2.d4 Nf6 3.Nc3 e5 4.Nf3 Nbd7 5.Bc4 Be7 6.O-O O-O 7.Re1 c6 8.a4 Qc7
9.Ba2 b6 10.Be3 a6 11.dxe5 dxe5 12.Nh4 g6 13.Bh6 Rd8 14.Qf3 Nf8 15.Nf5 Ne6
16.Bxe6 Bxe6 17.Nxe7+ Qxe7 18.Bg5 Kg7 19.Qe3 Qb4 20.Qg3 h6 21.Bh4 Qd6 22.Qe3 Qb4
23.Qg3 Qd6 24.Rad1 Qc7 25.Rxd8 Rxd8 26.Qe3 Rh8 27.Bxf6+ Kxf6 28.Rd1 Kg7 29.a5 b5
30.Qc5 Qxa5 31.b4 Qa3 32.Qxe5+ Kh7 33.f4 Qxb4 34.f5 gxf5 35.exf5 Bd5 36.Nxd5 cxd5
37.Qxd5 Qe7 38.h3 Qf6 39.Qd7 Rg8 40.Rd6 Qa1+ 41.Kf2 Qe5 42.Qxf7+ Rg7 43.Qd5 Qf4+
44.Ke2 Rc7 45.Rd7+ Rxd7 46.Qxd7+ Kh8 47.Qe8+ Kg7 48.Qe7+ Kh8 49.Qf6+ Kg8  1-0

[Event "US Masters"]
[Site "Chicago USA"]
[Date "2002.03.02"]
[Round "4"]
[White "Kaidanov,G"]
[Black "Georgiev,Vl"]
[Result "1-0"]
[WhiteElo "2596"]
[BlackElo "2560"]

1.d4 d6 2.e4 Nf6 3.Nc3 e5 4.Nf3 Nbd7 5.Bc4 Be7 6.O-O O-O 7.Re1 c6 8.a4 a5
9.h3 exd4 10.Qxd4 Nc5 11.Bf4 Ne6 12.Bxe6 Bxe6 13.Rad1 d5 14.exd5 cxd5 15.Ng5 Bf5
16.Qe5 Bxc2 17.Qxe7 Qxe7 18.Rxe7 Bxd1 19.Nxd1 Rfe8 20.Re3 Rac8 21.Rxe8+ Rxe8
22.Be3 d4 23.Bd2 Rc8 24.Kf1 d3 25.Ke1 Nd5 26.Nf3 b6 27.b3 Rc2 28.Ne5 Nb4
29.Ne3 f6 30.N5c4 Ra2 31.Bxb4 Re2+ 32.Kd1 axb4 33.Nxb6 Rxf2 34.a5 Ra2 35.Na4 Re2
36.Nc4 Kf7 37.a6 Re4 38.Na5 Re7 39.Nb7 Rc7 40.a7  1-0

[Event "Open"]
[Site "Malaga ESP"]
[Date "2002.03.02"]
[Round "9"]
[White "Jaime Montalvan,L"]
[Black "Milla de Marco,C"]
[Result "0-1"]
[WhiteElo "2248"]
[BlackElo "2045"]

1.e4 d6 2.d4 Nf6 3.Nc3 e5 4.dxe5 dxe5 5.Qxd8+ Kxd8 6.Nf3 Bd6 7.Bc4 Be6 8.Bxe6 fxe6
9.O-O Nbd7 10.Re1 a6 11.b3 b5 12.Bb2 h6 13.Ne2 g5 14.h3 Ke7 15.Nc1 g4 16.hxg4 Nxg4
17.Nd3 Raf8 18.a4 b4 19.Re2 Rhg8 20.Nd2 Nc5 21.Nxb4 Nxb3 22.Nxb3 Bxb4 23.f3 Nf6
24.Bxe5 Nd7 25.Bxc7 Rxf3 26.Rf1 Rc3 27.Bf4 Rh3 28.g3 e5 29.Kg2 Rh4 30.Bc1 h5
31.Rf3 Rhg4  0-1

[Event "FSIMA March"]
[Site "Budapest HUN"]
[Date "2002.03.04"]
[Round "3"]
[White "Molnar,Be"]
[Black "Ashok,K"]
[Result "1/2-1/2"]
[WhiteElo "2338"]
[BlackElo "2182"]

1.e4 d6 2.d4 Nf6 3.Nc3 c6 4.a4 Qa5 5.Bd2 e5 6.d5 Be7 7.Nf3 O-O 8.Bc4 Qd8
9.a5 cxd5 10.exd5 Bg4 11.Be2 a6 12.O-O Nbd7 13.Be3 Rc8 14.Na4 Ne4 15.Nb6 Nxb6
16.Bxb6 Qe8 17.c4 f5 18.Rc1 Bxf3 19.Bxf3 Bg5 20.Rc2 Bd8 21.Bxe4 fxe4 22.Rc3 Rf6
23.b4 Bxb6 24.axb6 Qd8 25.Qg4 Rg6 26.Qh3 Rh6 27.Qe3 Qh4 28.Qg3 e3 29.fxe3 Rxc4
30.Rfc1 Qxg3 31.hxg3 Rxb4 32.Rc8+ Kf7 33.R8c7+ Kg6 34.Rxb7 Kf5 35.Rf7+ Kg6
36.Rcc7 Rxb6 37.e4 Rb4 38.Rxg7+ Kh5 39.Rcf7 Rg6 40.Rxh7+ Kg5 41.Rf5+ Kg4
42.Rh4+ Kxg3 43.Rh3+ Kg4 44.Kh2 Rxe4 45.Rfh5 Kf4 46.Rf3+ Kg4 47.Rfh3 Kf4  1/2-1/2

[Event "FSGM March"]
[Site "Budapest HUN"]
[Date "2002.03.04"]
[Round "3"]
[White "Breder,D"]
[Black "Koneru,H"]
[Result "1-0"]
[WhiteElo "2441"]
[BlackElo "2539"]

1.e4 d6 2.d4 Nf6 3.Nc3 c6 4.Be2 Qa5 5.Bf3 e5 6.Ne2 Be7 7.O-O O-O 8.b3 Re8
9.Bb2 Nbd7 10.g3 Bf8 11.Bg2 b5 12.a3 Bb7 13.Qd2 a6 14.Rad1 Qc7 15.h3 Rad8
16.g4 Nb6 17.dxe5 dxe5 18.Qe3 a5 19.Ng3 g6 20.Nce2 Nfd7 21.Kh1 Bg7 22.Rd2 Nf8
23.Bc3 Ra8 24.f4 exf4 25.Nxf4 Bxc3 26.Qxc3 Qe5 27.Qf3 Re7 28.Qf2 Nbd7 29.Rfd1 Qc7
30.e5 Nxe5 31.Ne4 Ned7 32.Nd6 Rb8 33.Qh4 Nc5 34.Qf6 Nce6 35.Ne2 Ba8 36.Nc3 Nc5
37.b4 axb4 38.axb4 Re6 39.Qf2 Na4 40.Nce4 c5 41.bxc5 Bxe4 42.Nxe4 Qe5 43.Rd5 Qg7
44.Rd6 Rc8 45.g5 Qe5 46.R6d5 Qb2 47.Nd6 Rc7 48.Rf1 Ree7 49.Ne4 Qb4 50.Rd4 Qb2
51.Rd8 Kg7 52.Qf6+ Kg8 53.c3 Re6 54.Rxf8+ Kxf8  1-0

[Event "ch-RUS Girls U20"]
[Site "Vladimir RUS"]
[Date "2002.03.04"]
[Round "4"]
[White "Postnova,E"]
[Black "Tabrina,A"]
[Result "0-1"]
[WhiteElo "2215"]
[BlackElo "2142"]

1.e4 c6 2.d4 d6 3.Nc3 Nf6 4.g3 g6 5.Bg2 Bg7 6.Nge2 Bd7 7.O-O Qc8 8.f4 O-O
9.e5 Ne8 10.Be3 Nc7 11.Ne4 dxe5 12.fxe5 Bh3 13.Qd2 Bxg2 14.Kxg2 Nd7 15.Bh6 f6
16.Bxg7 Kxg7 17.Rf4 Ne6 18.Rh4 g5 19.exf6+ exf6 20.Nd6 Qc7 21.Nf5+ Kh8 22.Rh3 Rg8
23.Qd3 Ndf8 24.Rf1 Qd7 25.Nh6 Rg6 26.Ng4 Kg7 27.Rf5 Re8 28.c3 Nc5 29.Qf3 Qe6
30.Nc1 Ne4 31.Nb3 Nd6 32.Nxf6 Rxf6 33.Rxg5+ Kh8 34.Nc5 Qxh3+ 35.Kxh3  0-1

[Event "FSGM March"]
[Site "Budapest HUN"]
[Date "2002.03.05"]
[Round "4"]
[White "Kosanovic,G"]
[Black "Koneru,H"]
[Result "1/2-1/2"]
[WhiteElo "2428"]
[BlackElo "2539"]

1.e4 d6 2.d4 Nf6 3.Nc3 c6 4.Nf3 Bg4 5.Be2 e6 6.O-O d5 7.exd5 cxd5 8.Ne5 Bxe2
9.Qxe2 Nc6 10.Nxc6 bxc6 11.Na4 Be7  1/2-1/2

[Event "Anibal Open"]
[Site "Linares ESP"]
[Date "2002.03.06"]
[Round "6"]
[White "Magem Badals,J"]
[Black "Cheng Xinkai"]
[Result "1-0"]
[WhiteElo "2502"]
[BlackElo "2308"]

1.e4 d6 2.d4 Nf6 3.Nc3 e5 4.Nge2 Nbd7 5.f3 Be7 6.g4 O-O 7.Be3 c6 8.Qd2 b5
9.Ng3 Nb6 10.dxe5 dxe5 11.Qxd8 Rxd8 12.a4 b4 13.Nb1 g6 14.Nd2 Be6 15.a5 Nbd7
16.Bc4 Bc5 17.Bg5 Kg7 18.Bxe6 fxe6 19.Ne2 h6 20.Bh4 g5 21.Bg3 Ng8 22.Nc4 Kf6
23.h4 Ne7 24.h5 Nd5 25.exd5 exd5 26.Nd2 Ke6 27.Bf2 Bd6 28.Ng3 a6 29.Nf5 Bf8
30.O-O-O Kf6 31.Nb3 Rab8 32.Rhe1 Re8 33.Re2 Re6 34.Bg3 Rbe8 35.c4 bxc3 36.bxc3 Kf7
37.Kc2 Nf6 38.Rde1 Nd7 39.Nd2 Bc5 40.Rb1 Rb8 41.Rxb8 Nxb8 42.Rxe5  1-0

[Event "ch-RUS Girls U20"]
[Site "Vladimir RUS"]
[Date "2002.03.08"]
[Round "7"]
[White "Ivkina,O"]
[Black "Tabrina,A"]
[Result "1-0"]
[WhiteElo "2216"]
[BlackElo "2142"]

1.e4 d6 2.d4 Nf6 3.Nc3 c6 4.Nf3 Bg4 5.h3 Bh5 6.g4 Bg6 7.Bd3 e6 8.Qe2 Be7
9.Bd2 d5 10.O-O-O dxe4 11.Nxe4 Bxe4 12.Bxe4 Nxe4 13.Qxe4 Qd5 14.Qxd5 cxd5
15.Ne5 Nc6 16.Bf4 Rc8 17.Nxc6 bxc6 18.Rd3 Kd7 19.Re1 Bd6 20.Bxd6 Kxd6 21.Ra3 Rc7
22.Ree3 h5 23.g5 f6 24.gxf6 gxf6 25.Rg3 Rh6 26.Rg8 e5 27.c3 Rhh7 28.Kd2 Ke6
29.Ke3 Rhg7 30.Rh8 Rh7 31.Rxh7 Rxh7 32.Ra6 Rc7 33.f3 Kf5 34.h4 e4 35.Ra5 Kg6
36.Ra6 f5 37.fxe4 fxe4 38.c4 Kf5 39.cxd5 cxd5 40.Rd6 Rc2 41.Rxd5+ Kg4 42.Rb5 Kxh4
43.d5 Kg5 44.d6+ Kf6 45.Rd5 Rc8 46.Rxh5 Ke6 47.Rh6+ Ke5 48.d7 Rd8 49.Rh2 Rxd7
50.Rd2 Ke6 51.Rxd7 Kxd7 52.Kxe4  1-0

[Event "German Individual Cup"]
[Site "Baden-Baden GER"]
[Date "2002.03.09"]
[Round "2"]
[White "Von Herman,U"]
[Black "Maier,A"]
[Result "1-0"]
[WhiteElo "2374"]
[BlackElo "2371"]

1.d4 d6 2.e4 Nf6 3.Nc3 e5 4.Nf3 exd4 5.Nxd4 Be7 6.Be2 O-O 7.O-O c5 8.Nb3 a6
9.Be3 Nc6 10.f4 Re8 11.Bf3 Bf8 12.Bf2 Ne7 13.e5 dxe5 14.fxe5 Qxd1 15.Raxd1 Ng4
16.Nxc5 Nxe5 17.Bxb7 Bxb7 18.Nxb7 Reb8 19.Nc5 Rxb2 20.Rc1 N7c6 21.Nd3 Nxd3
22.cxd3 Ne5 23.d4 Ng4 24.h3 Nxf2 25.Rxf2 Rb4 26.Rd1 Rd8 27.Rfd2 Rc4 28.Ne2 Bd6
29.Kf2 f5 30.Kf3 Re8 31.Rb2 Rec8 32.Rb6 R8c6 33.Rdb1 Kf7 34.Ke3 Bc7 35.Rxc6 Rxc6
36.Kd3 Ba5 37.Rf1 g6 38.Rb1 Rc7 39.Rb3 Be1 40.Rb6 a5 41.g4 fxg4 42.hxg4 Rd7
43.Rb5 Kg7 44.Nf4 Kf7 45.a4 Bf2 46.Ne2 Be1 47.Ng1 Bb4 48.Nf3 Kg7 49.Ne5 Rc7
50.Ke4 Bd2 51.Rb6 Ra7 52.d5 Bg5 53.d6 Bd8 54.Rb8 Bf6 55.d7 h5 56.gxh5 gxh5
57.d8=Q Bxd8 58.Rxd8 Kf6 59.Kf4 Rb7 60.Nd3 Rb3 61.Rd6+ Ke7 62.Rd5 Ra3 63.Nc5 h4
64.Ke4 h3 65.Kd4 Kf6 66.Rh5 Kg6 67.Rh8 Kf5 68.Kc4 Kg4 69.Kb5 Kg3 70.Ne4+ Kg2
71.Rg8+ Kh1 72.Nf2+ Kh2 73.Kxa5 Ra2 74.Nxh3 Kxh3 75.Kb5  1-0

[Event "FSIMA March"]
[Site "Budapest HUN"]
[Date "2002.03.09"]
[Round "8"]
[White "Molnar,Be"]
[Black "Mensch,E"]
[Result "0-1"]
[WhiteElo "2338"]
[BlackElo "2380"]

1.e4 d6 2.d4 Nf6 3.Nc3 Nbd7 4.Nf3 e5 5.Bc4 Be7 6.O-O O-O 7.Re1 c6 8.a4 b6
9.b3 a6 10.Ba3 Bb7 11.Bf1 b5 12.Rb1 exd4 13.e5 Nxe5 14.Nxe5 dxe5 15.Bxe7 Qxe7
16.Qxd4 exd4 17.Rxe7 dxc3 18.Rxb7 Rfb8 19.Rc7 Rc8 20.Rxc8+ Rxc8 21.axb5 axb5
22.Ra1 Nd5 23.Bd3 Nb4 24.Be4 g6 25.g4 Re8 26.f3 Rd8 27.Bd3 Nxd3 28.Rd1 Rd5
29.cxd3 b4 30.Kf2 Rxd3  0-1

[Event "TCh-CZE 2001-2"]
[Site "CZE"]
[Date "2002.03.09"]
[Round "8"]
[White "Nedela,V"]
[Black "Mikhaletz,L"]
[Result "1/2-1/2"]
[WhiteElo "2380"]
[BlackElo "2392"]

1.e4 d6 2.d4 Nf6 3.Nc3 c6 4.Be2 b5 5.a3 Nbd7 6.Nf3 e5 7.O-O Be7 8.Re1 O-O
9.h3 Bb7 10.Bd3 a5 11.a4 b4 12.Nb1 c5 13.dxe5 Nxe5 14.Nxe5 dxe5 15.Nd2 Qc7
16.Qe2 Rfd8 17.b3 g6 18.Bb2 Nh5 19.g3 Ng7 20.Nf3 Bf6 21.Bc4 Bc8 22.Kh2 Ne6
23.Bd5 Ra7 24.c4 bxc3 25.Bxc3 Nd4 26.Bxd4 cxd4 27.Rac1 Qd7 28.Qf1 Ba6 29.Bc4 Bxc4
30.Rxc4 Rb7 31.Qd3 Rdb8 32.Rb1 Qd6 33.Rc2 Rb4 34.Rc4 R4b7 35.Rc2 Qe6 36.Nd2 Be7
37.f4 exf4 38.gxf4 Bb4 39.Nf3 Qf6 40.Qxd4 Qxf4+ 41.Kg2 Re8 42.Rc4 Bd6 43.e5 Qxd4
44.Rxd4 Bxe5 45.Re4 Rbe7 46.b4 axb4 47.Rbxb4 Bd6 48.Rxe7 Rxe7 49.Rb2 Ra7
50.Ra2 Ra5 51.Nd2 Rg5+ 52.Kf2 Bb4 53.Nb3 Ba5 54.Nxa5 Rxa5 55.Ke3 f5 56.Kd4 Kf7
57.Kc4 f4 58.Kb4 Ra8 59.a5 g5 60.a6 h5 61.Kc4 g4 62.hxg4 hxg4 63.Kd3 Kg6
64.Ke4 f3 65.Kf4 Rf8+ 66.Kg3 Kf5 67.a7 Ra8 68.Ra4 Ke5 69.Rxg4  1/2-1/2

[Event "TCh-CZE 2001-2"]
[Site "CZE"]
[Date "2002.03.10"]
[Round "9"]
[White "Sosna,J"]
[Black "Mokry,K"]
[Result "1-0"]
[WhiteElo "2415"]
[BlackElo "2465"]

1.d4 d6 2.e4 Nf6 3.Nc3 c6 4.f4 Qa5 5.Bd3 e5 6.Nf3 Bg4 7.O-O exd4 8.Ne2 Bxf3
9.Rxf3 Qb6 10.e5 Nd5 11.Ng3 Nd7 12.exd6 O-O-O 13.Ne4 h6 14.a4 a5 15.Bd2 Nc5
16.Qe1 Nxd3 17.cxd3 Nb4 18.Rc1 Bxd6 19.Nxd6+ Rxd6 20.Qe5 Rf6 21.f5 Na2 22.Bxa5  1-0

[Event "TCh-AUT 2001-2"]
[Site "Dornbirn AUT"]
[Date "2002.03.10"]
[Round "11"]
[White "Madl,I"]
[Black "Bezold,M"]
[Result "1/2-1/2"]
[WhiteElo "2401"]
[BlackElo "2495"]

1.e4 d6 2.d4 Nf6 3.Nc3 e5 4.Nf3 Nbd7 5.Bc4 Be7 6.O-O O-O 7.a4 c6 8.Re1 a5
9.h3 Qb6 10.Bb3 exd4 11.Qxd4 Qb4 12.Be3 Nc5 13.Bc4 Nfd7 14.Na2 Qb6 15.Bg5 Bxg5
16.Nxg5 Ne5 17.Be2 h6 18.Nf3 Re8 19.b3 Be6 20.Nc3 Rad8 21.Rad1 Qb4 22.Qe3 Nxf3+
23.Bxf3 f5 24.Rd4 Qb6 25.Bh5 Rf8 26.Red1 Qc7 27.Qd2 fxe4 28.Rxd6 Rxd6 29.Qxd6 Qxd6
30.Rxd6 Bf5 31.Nd1 Rb8 32.Ne3 Be6 33.Bg6 Kf8 34.Rd4 b5 35.Bxe4 bxa4 36.bxa4 Rb6
37.g4 Ke7 38.Bf3 Bd7 39.Kg2 Rb2 40.Rc4 Kd6 41.Rd4+ Kc7 42.Rc4 Kb6  1/2-1/2